Η πτώση

Saved in:
Bibliographic Details
Main Author: Camus, Albert, 1913-1960
Other Authors: Ευθυμιάδου, Ιωάννα (trlf)
Format: Book
Language:Greek
French
Published: Αθήνα : Γράμματα, 1987.
Subjects:
Tags: Add Tag
No Tags, Be the first to tag this record!

MARC

LEADER 00000cam a2200000 i 4500
001 1/32637
008 960731s1987 gr | ||| |||| ||gre||
020 |a 9603291218 
035 |1 ΕΛΗ  |a 1996  |b 2507  |c ΒΙΒΛΙΟΘΗΚΗ  |l 10039151 
040 |a GR-MyUA  |b gre  |e AACR2 
041 1 |a gre  |h fre 
100 1 |a Camus, Albert,  |d 1913-1960. 
245 1 2 |a Η πτώση /   |c Αλμπέρ Καμύ ; μετάφραση Ιωάννα Ευθυμιάδου.  
260 |a Αθήνα :   |b Γράμματα,   |c 1987.  
300 |a 122 σ. ;   |c 21 εκ.  
500 |a Τίτλος πρωτοτύπου: La chute.  
650 0 0 |a French fiction. 
700 1 |a Ευθυμιάδου, Ιωάννα,  |e trlf 
852 |a INST  |b SAMOS  |e 19960731  |h 843 CAM  |p 005300009407  |q 005300009407  |t BK  |y 4  |x 20181129 
901 |a BIBL-1997-1 
909 |a Σ  |b 041706